La biblia de la arquitectura /

Descripción crítica y visual de proyectos arquitectónicos de 72 firmas distintas que dan cuenta de las últimas tendencias en el campo, con nombres que han alcanzado el reconocimiento mundial, junto a otros menos conocidos.

Gespeichert in:
Bibliographische Detailangaben
1. Verfasser: Fajardo, Julio (edición)
Weitere Verfasser: Schleifer, Simone (coordinación) (coordinación)
Format: Buch
Sprache:Spanisch
Veröffentlicht: Lima, Perú : Lexus, 2012, c2012
Schlagworte:
Tags: Tag hinzufügen
Keine Tags, Fügen Sie das erste Tag hinzu!

MARC

LEADER 00000nam^a2200000^a^4500
001 000354008
005 20250521000000.0
009 20260310115123.177
020 |a 978-9962-04-032-3 
037 |a Acervo ITESO - Biblioteca 
041 |a ESP 
082 |a 724. 7  |b BIB 
100 |a Fajardo, Julio  |e (edición) 
245 1 3 |a La biblia de la arquitectura /  |c Ed. de J. Fajardo ; cood. editorial de S.K. Schleifer. 
264 4 |a Lima, Perú :  |b Lexus,  |c 2012, c2012 
300 |a 591 p. 
336 |a texto  |b txt  |2 rdacontenido 
337 |a sin mediación  |b n  |2 rdamedio 
338 |a volumen  |b nc  |2 rdasoporte 
500 |a Traducción de: Starchitects 
520 |a Descripción crítica y visual de proyectos arquitectónicos de 72 firmas distintas que dan cuenta de las últimas tendencias en el campo, con nombres que han alcanzado el reconocimiento mundial, junto a otros menos conocidos. 
649 |a XX 
650 |a Arquitectura (Tendencias Recientes) -  |x Historia y Crítica -  |x Tema Principal 
650 |a Arquitectura -  |x Historia y Crítica 
650 |a Arquitectura -  |y Siglo XXI -  |x Tema Principal 
650 |a Arte (Tendencias Recientes) -  |x Historia y Crítica 
650 |a Arte -  |x Historia y Crítica 
650 |a Arte -  |y Siglo XXI 
700 |a Schleifer, Simone  |e (coordinación) 
910 |a Fondo General 
920 |a Impresos - Libros 
930 |a Colección General 
905 |a 101 
901 |a 0500247388  |b IT1  |c ACC  |i C146777  |u 20250521 
901 |a 0500247391  |b IT1  |c ACC  |i C146778  |u 20250521 
902 |a https://opac.biblio.iteso.mx/vufind/Record/000354008